Responses for Show #6650 - Friday, July 12, 2013

Mark Japinga game 2.

Contestants

[<< previous game]

Ken Dasher, an archivist from Raleigh, North Carolina

Toby Crew, a commercial pilot from Natick, Massachusetts

Mark Japinga, a legislative researcher from Washington, D.C. (whose 1-day cash winnings total $31,199)

[next game >>]

Jeopardy! Round responses

WHAT AN ICE PARTY
TIME'S 50 WORST CARS OF ALL TIME
COUNTRIES' LOWEST POINTS
COMPOUND WORDS
ANIMAL CARE
HERE'S JOHNNY!
    $200 26
St. Paul

Mark
    $200 24
the Edsel

Toby
    $200 7
the U.S.

Mark
    $200 20
wheelchair

Toby
    $200 30
mice

Mark
    $200 1
Johnny Depp

Toby
    $400 25
Liberace

Toby
    $400 23
AMC

Toby
    $400 13
Japan

Toby
    $400 19
waistcoat

Ken
    $400 29
aphrodisiacs

Toby
    $400 12
Johnny Cash

Mark
    $600 2
a luge

Triple Stumper
    $600 21
(Toby: Or don't go.)

the Yugo

Toby
    $600 5
the Netherlands

Mark
    $600 16
Underdog

Ken
    $2,800 22
(Alex: Don't want to do that to your cat. Let your cats tear up your furniture instead.)

de-clawing

Toby
    $600 9
Johnny Weissmuller

Toby
    $800 3
Quebec City

Mark
    $800 14
Delorean

Mark
    $800 6
Morocco

Ken
    $800 17
a slumlord

Toby
    $800 27
orangutan

Ken
    $800 10
Johnny Football

Mark
    $1000 4
the DNC & the RNC

Mark
    $1000 15
the Pinto

Toby
    $1000 8
(Toby: What is Scotland?)

Australia

Toby
Triple Stumper
    $1000 18
a firebrand

Ken
    $1000 28
submissive

Triple Stumper
    $1000 11
Johnny Mathis

Ken

Scores at the first commercial break (after clue 15):

Mark Toby Ken
$4,600 $1,200 $1,800

Scores at the end of the Jeopardy! Round:

Mark Toby Ken
$5,000 $7,000 $4,600

Double Jeopardy! Round responses

BEACH READING
OH, CANADA
FEEL NOT-SO-GOOD MOVIES
GUINNESS RECORDS
BILLIONS OF PEOPLE
(Alex: We're dealing with world population figures from the United Nations.)
SO "CAL"
    $400 14
June 6, 1944

Ken
    $400 13
(Alex: [*] is the capital.)

Ottawa

Mark
    $400 1
On the Waterfront

Ken
    $400 30
a lawsuit

Toby
    $400 19
1804

Ken
    $400 21
calico

Mark
    $800 15
the South Beach Diet

Ken
    $800 12
Montreal

Mark
    $800 2
The Breakfast Club

Toby
    $800 29
ice cream scoops

Mark
    $800 20
1927

Mark
    $800 22
calibrate

Toby
    $1200 16
Robinson Crusoe

Mark
    $1200 9
territories

Toby
    $1200 3
The Sixth Sense

Mark
    $1200 26
a freefall

Toby
    $1200 6
1960

Mark
    $1200 23
calcify

Toby
    $1600 17
Thailand

Mark
    $1600 10
the St. Lawrence Seaway

Toby
    $3,000 4
Forrest Gump

Mark
    $1600 27
(Mark: What is piggyback riding?)
...
(Alex: It's called [*]--carrying a man on your back, rescuing him.)

a fireman's carry

Mark
Triple Stumper
    $1600 7
1974

Toby
    $1600 24
calipers

Toby
    $2000 18
Ian McEwan

Mark
    $2000 11
the Keystone

Mark
    $2000 5
Midnight Cowboy

Mark
    $2000 28
a unicycle

Toby
    $7,000 8
(Alex: You got the right year.)

1987

Toby
    $2000 25
a calumny

Triple Stumper

Scores at the end of the Double Jeopardy! Round:

Mark Toby Ken
$20,800 $26,400 $6,600

[wagering suggestions for these scores]

Final Jeopardy! Round responses

VIDEO GAME HISTORY
(Alex: It helps a lot if you knew the name of F. Scott Fitzgerald's wife.)
...
(Alex: [To Ken] No, that's not the name of the game or the franchise.)
...
(Alex: [To Mark] That's the series, yes.)
...
(Alex: [To Toby] No, he came up with the name only.)
KenWhat is Zelda
$6,000
MarkWhat is The Legend of Zelda
$7,500
TobyWhat is Zelda?
$15,400
The Legend of Zelda

Final scores:

Mark Toby Ken
$28,300 $11,000 $600
2-day champion: $59,499 2nd place: $2,000 3rd place: $1,000

Game dynamics:

Coryat scores:

Mark Toby Ken
$19,400 $19,200 $6,600
22 R
(including 1 DD),
1 W
23 R
(including 2 DDs),
1 W
10 R,
0 W

Combined Coryat: $45,200

[game clues] [game scores] [suggest correction]

Game tape date: 2013-03-28
The J! Archive is created by fans, for fans. Scraping, republication, monetization, and malicious use prohibited; this site may use cookies and collect identifying information. See terms. The Jeopardy! game show and all elements thereof, including but not limited to copyright and trademark thereto, are the property of Jeopardy Productions, Inc. and are protected under law. This website is not affiliated with, sponsored by, or operated by Jeopardy Productions, Inc. Join the discussion at JBoard.tv.